000 00725nam a2200229Ii 4500
003 JO-AjNU
008 230605s9999||||xx |||||||||||||| ||und||
017 _a2001/4/818
020 _a9957-07-129-7
040 _aJO-AjNU
_bara
_erda
_cJO-AjNU
041 _aara
050 1 4 _aGV706.8 2002
100 3 _aالصميدعي، لؤي غانم,
_eauthor
_941432
245 0 0 _aرشاقة القوام
250 _aط1
264 3 1 _aعمان: دار الفكر للطباعة والنشر والتوزيع، 2002
300 _a486ص
_bصور توضبحية
336 _atext
_btxt
_2rdacontent
337 _aunmediated
_bn
_2rdamedia
338 _avolume
_bnc
_2rdacarrier
650 4 _aالالعاب الرياضية
_941433
999 _aA17664
_c21232
_d21232